Library Logo

Pioneer International University Library Catalogue

Politics / (Record no. 9166)

MARC details
000 -LEADER
fixed length control field 00894cam a2200289 a 4500
001 - CONTROL NUMBER
control field 1443681
003 - CONTROL NUMBER IDENTIFIER
control field OSt
005 - DATE AND TIME OF LATEST TRANSACTION
control field 20250901165758.0
008 - FIXED-LENGTH DATA ELEMENTS--GENERAL INFORMATION
fixed length control field 851121s1985 nyuaf 001 0aeng
010 ## - LIBRARY OF CONGRESS CONTROL NUMBER
LC control number 85027924
020 ## - INTERNATIONAL STANDARD BOOK NUMBER
International Standard Book Number 0671532960
040 ## - CATALOGING SOURCE
Original cataloging agency DLC
Transcribing agency DLC
Modifying agency DLC
043 ## - GEOGRAPHIC AREA CODE
Geographic area code n-us-ny
050 00 - LIBRARY OF CONGRESS CALL NUMBER
Classification number F 128 .54.K63 A36 1985
Item number A36 1985
082 00 - DEWEY DECIMAL CLASSIFICATION NUMBER
Classification number 974.7/1043/0924
-- B
Edition information 19
100 1# - MAIN ENTRY--PERSONAL NAME
Personal name Koch, Ed,
Dates associated with a name 1924-2013.
245 10 - TITLE STATEMENT
Title Politics /
Statement of responsibility, etc. Edward I. Koch with William Rauch.
260 ## - PUBLICATION, DISTRIBUTION, ETC.
Place of publication, distribution, etc. New York :
Name of publisher, distributor, etc. Simon & Schuster,
Date of publication, distribution, etc. c1985.
300 ## - PHYSICAL DESCRIPTION
Extent 255 p., [16] p. of plates :
Other physical details ill. ;
Dimensions 25 cm.
500 ## - GENERAL NOTE
General note Includes index.
600 10 - SUBJECT ADDED ENTRY--PERSONAL NAME
Personal name Koch, Ed,
Dates associated with a name 1924-2013.
650 #0 - SUBJECT ADDED ENTRY--TOPICAL TERM
Topical term or geographic name entry element Mayors
Geographic subdivision New York (State)
-- New York
Form subdivision Biography.
651 #0 - SUBJECT ADDED ENTRY--GEOGRAPHIC NAME
Geographic name New York (N.Y.)
General subdivision Politics and government
Chronological subdivision 1951-
700 1# - ADDED ENTRY--PERSONAL NAME
Personal name Rauch, William.
906 ## - LOCAL DATA ELEMENT F, LDF (RLIN)
a 7
b cbc
c orignew
d 1
e ocip
f 19
g y-gencatlg
942 ## - ADDED ENTRY ELEMENTS (KOHA)
Source of classification or shelving scheme Library of Congress Classification
Koha item type Books
Holdings
Withdrawn status Lost status Source of classification or shelving scheme Damaged status Not for loan Home library Current library Shelving location Date acquired Total checkouts Full call number Barcode Date last seen Price effective from Koha item type
    Library of Congress Classification     Main Library Main Library   11/27/2024   F 128 .54.K63 A36 1985 PIU0003769 11/27/2024 11/27/2024 Books